000 00744nam a22002292 4500
001 0000002396
005 20151217151852.0
008 070410s xx 000 0 eng d
020 _a0273643169 :
_cGBP 37.99
040 _aKABU
_cKABU
050 0 _aHF5549
_b.H86 2001
245 1 0 _aHuman resource management :
_ba contemporary approach /
_cedited by Ian Beardwell and Len Holden.
250 _a3rd ed.
260 _aHarlow, England :
_bPrentice Hall/Financial Times,
_c2001.
300 _axiv, 770 p. ;
_c25 cm.
650 0 _aPersonnel management.
_@0000150761
700 1 _aBeardwell, Ian.
_@0000151743
700 1 _aHolden, Len.
_@0000151744
908 _a070410
950 _@1
999 _c5838
_d5838